000 00727nam a2200205Ia 4500
003 GCL
005 20240530102621.0
008 140319s9999 xx 000 0 ara d
040 _aGCL /
_cGCL
082 0 4 _a938.04
_bر ا
100 1 _aروبنصن تشارلز الكسندر
245 1 0 _aاثينا فى عهد بركليس /
_cروبنصن، تشارلز الكسندر ؛ ترجمة : انيس فريحة
260 _aبيروت :
_bمؤسسة فرنكلين للطباعة والنشر ،
_c1966
300 _a287 ص؛
_c20 سم
650 0 4 _aالحضارة الاغريقية
650 0 4 _aالاثار اليونانية
650 0 4 _aاليونان القديمة
650 0 4 _aاثينا
942 _2ddc
_cBK
999 _c33440
_d33440